History Quiz

Random History or Country Quiz

Dictators by Country Quiz Stats

Quiz not verified by Sporcle

Challenge
Share
Tweet
Embed
Score 0/15 Timer 05:00
0 Plays Today
Country and Years in Power Leader's Name % Correct
Germany 1933-1945Adolf Hitler
99.5%
Soviet Union 1924-1953Joseph Stalin
93.7%
Italy 1922-1943Benito Mussolini
92.4%
Cuba 1959-2008Fidel Castro
92%
China 1949-1976Mao Tse-Tung
85.9%
Spain 1936-1975Francisco Franco
84.1%
North Korea 1994-presentKim Jong-il
79.2%
Cambodia 1975-1979Pol Pot
78.6%
Country and Years in Power Leader's Name % Correct
Uganda 1971-1979Idi Amin
68.2%
Chile 1973-1990Augusto Pinochet
65.6%
Yugoslavia 1943-1980Josip Broz Tito
65.3%
France 1804-1814Napoleon Bonaparte
61.7%
Japan 1941-1944Hideki Tojo
51.9%
The Roman Empire 27 BC-14 ADCaesar Augustus
43.8%
Indonesia 1967-1998Suharto
41.4%

You're not logged in!

Compare scores with friends on all Sporcle quizzes.
Sign Up with Email
OR
Log In

You Might Also Like...

Show Comments

Extras

Top Quizzes Today


Score Distribution

Your Account Isn't Verified!

In order to create a playlist on Sporcle, you need to verify the email address you used during registration. Go to your Sporcle Settings to finish the process.

Report this User

Report this user for behavior that violates our Community Guidelines.

Details: